[Event "Titled Tuesday intern op 23rd Apr Late"]
[Site "Chess.com INT"]
[Date "2024.04.23"]
[Round "6"]
[White "Grutter, Tim"]
[Black "Brodsky, David"]
[Result "0-1"]
[WhiteElo "2317"]
[BlackElo "2515"]
[PlyCount "72"]
[EventDate "2024.04.23"]
[EventType "swiss (blitz)"]
[EventRounds "11"]
[EventCountry "USA"]
[SourceTitle "CB18_2024"]
[SourceDate "2024.05.01"]
[SourceVersion "1"]
[SourceVersionDate "2024.05.01"]
[SourceQuality "2"]

1. c4 c5 2. Nf3 Nc6 3. g3 g6 4. Bg2 Bg7 5. 0-0 d6 6. Nc3 e5 7. d3 Nge7 8. Rb1 0-0 9. a3 a5 10. Ne1 Be6 11. b4 axb4 12. axb4 cxb4 13. Nd5 Qa5 14. Nxb4 Nxb4 15. Bd2 Nec6 16. Nc2 d5 17. Nxb4 Nd4 18. Nxd5 Qa4 19. e3 Nf5 20. Qxa4 Rxa4 21. Rxb7 Rd8 22. Bc3 h5 23. h4 Ra3 24. Rc1 Nd6 25. Rb6 Nf5 26. e4 Nh6 27. c5 Ng4 28. c6 Bf8 29. c7 Rc8 30. f3 Bc5+ 31. d4 Bxb6 32. Ne7+ Kg7 33. Nxc8 Bxc8 34. Bb2 Rb3 35. Ba1 Ne3 36. dxe5 Nc2+ 0-1

[Event "Titled Tuesday intern op 13th Feb Early"]
[Site "Chess.com INT"]
[Date "2024.02.13"]
[Round "2"]
[White "Grutter, Tim"]
[Black "Baskakov, Egor"]
[Result "1/2-1/2"]
[WhiteElo "2318"]
[BlackElo "2215"]
[PlyCount "147"]
[EventDate "2024.02.13"]
[EventType "swiss (blitz)"]
[EventRounds "11"]
[EventCountry "USA"]
[SourceTitle "CB08_2024"]
[SourceDate "2024.02.21"]
[SourceVersion "1"]
[SourceVersionDate "2024.02.21"]
[SourceQuality "1"]

1. c4 Nf6 2. Nf3 e6 3. e3 d5 4. b3 Be7 5. Bb2 0-0 6. Qc2 Ne4 7. Nc3 f5 8. Be2 c6 9. 0-0 Bd7 10. Ne5 Be8 11. d3 Nxc3 12. Bxc3 Nd7 13. Nxd7 Qxd7 14. Qb2 Bf6 15. Bxf6 Rxf6 16. Qe5 Bg6 17. f4 Rff8 18. Rac1 Rae8 19. Rfd1 Qf7 20. Bf3 Bh5 21. Rf1 h6 22. d4 Kh7 23. Bxh5 Qxh5 24. Rf3 Rg8 25. Rcf1 g5 26. fxg5 Rxg5 27. Rg3 Rxg3 28. Qxg3 Re7 29. Rf3 Qg5 30. Kf2 Rg7 31. Qxg5 hxg5 32. Rh3+ Kg6 33. Rh8 Rh7 34. Rg8+ Kf7 35. Rb8 Kf6 36. h3 Rf7 37. Rh8 dxc4 38. bxc4 e5 39. Rh6+ Kg7 40. Rd6 e4 41. g3 Rc7 42. h4 g4 43. h5 a5 44. a4 b5 45. axb5 cxb5 46. cxb5 Rc2+ 47. Kf1 Rc3 48. b6 Rxe3 49. Rd5 Rb3 50. Rxa5 Kf6 51. h6 Rxb6 52. h7 Rb8 53. Ra7 Rd8 54. Kf2 Kg6 55. Ke3 Rh8 56. Kf4 Rxh7 57. Ra6+ Kh5 58. Kxf5 e3 59. Re6 Rf7+ 60. Ke4 Rf3 61. Kd3 Rxg3 62. d5 Rg1 63. Rxe3 Kh4 64. Ke4 Rd1 65. Rd3 Re1+ 66. Kd4 g3 67. Rd2 Kh3 68. d6 g2 69. Rxg2 Kxg2 70. Kc5 Rd1 71. Kc6 Kf3 72. d7 Ke4 73. Kc7 Rxd7+ 74. Kxd7 1/2-1/2

[Event "Titled Tuesday intern op 13th Feb Early"]
[Site "Chess.com INT"]
[Date "2024.02.13"]
[Round "5"]
[White "Norowitz, Yaacov"]
[Black "Grutter, Tim"]
[Result "1-0"]
[WhiteElo "2402"]
[BlackElo "2318"]
[PlyCount "53"]
[EventDate "2024.02.13"]
[EventType "swiss (blitz)"]
[EventRounds "11"]
[EventCountry "USA"]
[SourceTitle "CB08_2024"]
[SourceDate "2024.02.21"]
[SourceVersion "1"]
[SourceVersionDate "2024.02.21"]
[SourceQuality "1"]

1. d4 d5 2. e3 e6 3. Bd3 a6 4. Nd2 Bd6 5. e4 dxe4 6. Nxe4 Be7 7. Nf3 Nd7 8. Qe2 Ngf6 9. Ng3 c5 10. 0-0 cxd4 11. Nxd4 Nc5 12. Rd1 Nxd3 13. Rxd3 Qc7 14. Bg5 0-0 15. Rad1 h6 16. Rc3 Qa5 17. Bd2 Qxa2 18. b3 Nd5 19. Rd3 Bf6 20. c4 Ne7 21. Qf3 e5 22. Ne4 exd4 23. Nxf6+ gxf6 24. Qxf6 Nf5 25. g4 Qc2 26. Bf4 Ng7 27. Be5 1-0

[Event "Titled Tuesday intern op 06th Feb Late"]
[Site "Chess.com INT"]
[Date "2024.02.06"]
[Round "5"]
[White "Brodsky, David"]
[Black "Grutter, Tim"]
[Result "0-1"]
[WhiteElo "2506"]
[BlackElo "2318"]
[PlyCount "88"]
[EventDate "2024.02.06"]
[EventType "swiss (blitz)"]
[EventRounds "11"]
[EventCountry "USA"]
[SourceTitle "CB07_2024"]
[SourceDate "2024.02.14"]
[SourceVersion "1"]
[SourceVersionDate "2024.02.14"]
[SourceQuality "1"]

1. b3 Nf6 2. Bb2 e6 3. g3 Be7 4. Bg2 0-0 5. Nf3 b5 6. a4 b4 7. 0-0 Bb7 8. d3 d6 9. e4 e5 10. Nbd2 Re8 11. Nc4 c5 12. a5 Ba6 13. Nfd2 Nc6 14. f4 Bf8 15. Kh1 Nd4 16. fxe5 dxe5 17. Ne3 Bb7 18. a6 Bc6 19. Ndc4 Nd7 20. Nd5 Nb6 21. Nce3 Bxd5 22. Nxd5 Nxd5 23. exd5 Bd6 24. Rf2 g6 25. Qd2 f5 26. Raf1 Qc8 27. h4 Qxa6 28. h5 Qb7 29. g4 f4 30. hxg6 hxg6 31. Be4 Kg7 32. Rh2 Rh8 33. Rff2 Qd7 34. Bxd4 cxd4 35. Qe2 a5 36. Kg1 a4 37. Rxh8 Rxh8 38. bxa4 Qxa4 39. Rh2 Qa1+ 40. Kg2 Rc8 41. g5 Qc1 42. Kf3 Qg1 43. Qf2 Qxg5 44. Ke2 Rxc2+ 0-1

[Event "Titled Tuesday intern op 06th Feb Late"]
[Site "Chess.com INT"]
[Date "2024.02.06"]
[Round "8"]
[White "Szpar, Milosz"]
[Black "Grutter, Tim"]
[Result "1-0"]
[WhiteElo "2495"]
[BlackElo "2318"]
[PlyCount "67"]
[EventDate "2024.02.06"]
[EventType "swiss (blitz)"]
[EventRounds "11"]
[EventCountry "USA"]
[SourceTitle "CB07_2024"]
[SourceDate "2024.02.14"]
[SourceVersion "1"]
[SourceVersionDate "2024.02.14"]
[SourceQuality "1"]

1. Nf3 Nf6 2. c4 b6 3. g3 Bb7 4. Bg2 c5 5. 0-0 g6 6. Nc3 Bg7 7. d3 0-0 8. e4 d6 9. h3 a6 10. Be3 Qd7 11. Qc2 Nc6 12. d4 cxd4 13. Nxd4 Rac8 14. Nxc6 Qxc6 15. b3 b5 16. Nd5 Nxd5 17. exd5 Qd7 18. Rac1 e6 19. Qd3 e5 20. c5 dxc5 21. Rxc5 f5 22. Rd1 f4 23. Rxc8 Bxc8 24. Bc5 Rd8 25. d6 Bb7 26. Bxb7 Qxb7 27. d7 Bf6 28. Qd6 fxg3 29. Qxf6 gxf2+ 30. Kxf2 Qc7 31. b4 e4 32. Qxd8+ Qxd8 33. Be7 Qb6+ 34. Kg2 1-0

[Event "Titled Tuesday intern op 23rd Jan Late"]
[Site "Chess.com INT"]
[Date "2024.01.23"]
[Round "2"]
[White "Cabarkapa, Novak"]
[Black "Grutter, Tim"]
[Result "1/2-1/2"]
[WhiteElo "2434"]
[BlackElo "2343"]
[PlyCount "250"]
[EventDate "2024.01.23"]
[EventType "swiss (blitz)"]
[EventRounds "11"]
[EventCountry "USA"]
[SourceTitle "CB05_2024"]
[SourceDate "2024.01.31"]
[SourceVersion "1"]
[SourceVersionDate "2024.01.31"]
[SourceQuality "1"]

1. d4 d5 2. Nc3 Nf6 3. Bf4 g6 4. e3 Bg7 5. h4 h6 6. Nf3 Bf5 7. Ne5 Ne4 8. Nxe4 Bxe4 9. f3 Bf5 10. g4 Bc8 11. Bd3 Nd7 12. Nxg6 fxg6 13. Bxg6+ Kf8 14. Qd3 e5 15. Bg3 Qf6 16. 0-0-0 e4 17. Qa3+ Kg8 18. h5 Bf8 19. Qb3 Nb6 20. fxe4 Qe6 21. Rdf1 c6 22. exd5 cxd5 23. e4 Be7 24. exd5 Bg5+ 25. Kb1 Qe3 26. Qb4 Bxg4 27. Be5 Bf3 28. Rh3 Nxd5 29. Qxb7 Nc3+ 30. bxc3 Bxb7 31. Bf7+ Kf8 32. Rxe3 Bxe3 33. Bd5+ Ke7 34. Bxb7 Rhb8 35. Bxb8 Rxb8 36. a3 Rxb7+ 37. Ka2 Bd2 38. Rf3 Bg5 39. c4 Ke6 40. Rd3 Kf5 41. d5 Ke4 42. c5 Rb5 43. Rc3 Kxd5 44. c6 Rb8 45. c7 Rc8 46. Kb3 Kd6 47. Rd3+ Kxc7 48. c4 Kb7 49. Rd7+ Rc7 50. Rd6 Re7 51. Ka4 Re5 52. Rg6 Rc5 53. Rg7+ Rc7 54. Rg6 Rxc4+ 55. Kb5 Rc7 56. a4 Re7 57. a5 Re5+ 58. Ka4 Bd8 59. a6+ Kb8 60. Rxh6 Bb6 61. Rh7 Rg5 62. h6 Be3 63. Rh8+ Kc7 64. h7 Rh5 65. Re8 Rh4+ 66. Kb5 Rxh7 67. Rxe3 Rh5+ 68. Kb4 Kb6 69. Re6+ Kc7 70. Kc4 Ra5 71. Kb4 Ra1 72. Rh6 Rb1+ 73. Kc5 Rc1+ 74. Kb5 Rb1+ 75. Kc5 Rc1+ 76. Kd5 Rd1+ 77. Kc4 Rc1+ 78. Kb3 Rb1+ 79. Ka4 Ra1+ 80. Kb4 Rb1+ 81. Kc3 Rc1+ 82. Kb2 Rc6 83. Rxc6+ Kxc6 84. Ka1 Kb6 85. Kb1 Kxa6 86. Ka1 Kb6 87. Kb1 a6 88. Ka1 Ka7 89. Kb1 Kb6 90. Ka1 Ka7 91. Kb1 Kb7 92. Ka1 Kc6 93. Kb1 Kb5 94. Ka1 Ka5 95. Kb1 Kb4 96. Ka1 Kc5 97. Kb1 Kb5 98. Ka1 a5 99. Kb1 Ka6 100. Ka1 Kb6 101. Kb1 Kc6 102. Ka1 Kc5 103. Kb1 Kd5 104. Ka1 Kc4 105. Kb1 Kb4 106. Ka1 Kc3 107. Kb1 Kb3 108. Ka1 Ka3 109. Kb1 Ka4 110. Ka1 Kb5 111. Kb1 Kb4 112. Ka1 Ka3 113. Kb1 a4 114. Ka1 Kb4 115. Ka2 Ka5 116. Ka3 Kb5 117. Ka2 Kb4 118. Kb2 a3+ 119. Ka2 Ka4 120. Ka1 Kb3 121. Kb1 Kb4 122. Ka2 Ka4 123. Ka1 Kb3 124. Kb1 a2+ 125. Ka1 Ka3 1/2-1/2

[Event "Titled Tuesday intern op 23rd Jan Late"]
[Site "Chess.com INT"]
[Date "2024.01.23"]
[Round "3"]
[White "Grutter, Tim"]
[Black "Rastbod, Ali"]
[Result "1/2-1/2"]
[WhiteElo "2343"]
[BlackElo "2221"]
[PlyCount "114"]
[EventDate "2024.01.23"]
[EventType "swiss (blitz)"]
[EventRounds "11"]
[EventCountry "USA"]
[SourceTitle "CB05_2024"]
[SourceDate "2024.01.31"]
[SourceVersion "1"]
[SourceVersionDate "2024.01.31"]
[SourceQuality "1"]

1. Nf3 c5 2. g3 Nc6 3. Bg2 g6 4. 0-0 Bg7 5. c4 Nh6 6. Nc3 0-0 7. b3 e6 8. Bb2 d5 9. cxd5 exd5 10. d3 Nf5 11. Rc1 b6 12. Nd2 Nfe7 13. Qc2 Bb7 14. Qb1 Rc8 15. Rfd1 d4 16. Nce4 f5 17. Ng5 Qd7 18. Nc4 h6 19. Nf3 g5 20. e3 dxe3 21. fxe3 Qe6 22. Bxg7 Kxg7 23. d4 cxd4 24. exd4 Nd5 25. Re1 Qf6 26. Nfe5 Rfd8 27. Nxc6 Bxc6 28. Ne5 Bb7 29. Qd3 f4 30. Rxc8 Bxc8 31. Bxd5 Rxd5 32. Qc4 Be6 33. Qc7+ Kg8 34. Qb8+ Qd8 35. Qxa7 fxg3 36. hxg3 Rxd4 37. Nc6 Qd6 38. Qa8+ Kh7 39. Qb7+ Kg6 40. Rxe6+ Qxe6 41. Nxd4 Qe3+ 42. Kg2 Qxd4 43. Qc6+ Kf5 44. Qc8+ Ke4 45. Qe6+ Kd3 46. Qe1 Qe4+ 47. Qxe4+ Kxe4 48. a4 Kd4 49. b4 Kc4 50. a5 bxa5 51. bxa5 Kb5 52. Kf3 h5 53. Ke4 h4 54. gxh4 gxh4 55. Kf4 h3 56. Kg3 h2 57. Kxh2 Kxa5 1/2-1/2

[Event "Titled Tuesday intern op 23rd Jan Late"]
[Site "Chess.com INT"]
[Date "2024.01.23"]
[Round "4"]
[White "Riff, Vincent"]
[Black "Grutter, Tim"]
[Result "0-1"]
[WhiteElo "2370"]
[BlackElo "2343"]
[PlyCount "40"]
[EventDate "2024.01.23"]
[EventType "swiss (blitz)"]
[EventRounds "11"]
[EventCountry "USA"]
[SourceTitle "CB05_2024"]
[SourceDate "2024.01.31"]
[SourceVersion "1"]
[SourceVersionDate "2024.01.31"]
[SourceQuality "1"]

1. e4 c5 2. Nf3 d6 3. c3 Nf6 4. h3 g6 5. Bd3 Bg7 6. 0-0 0-0 7. Bc2 e5 8. d4 exd4 9. cxd4 Nc6 10. Nc3 Re8 11. d5 Nd4 12. Nxd4 cxd4 13. Nb5 Nxe4 14. Nxd4 Bd7 15. Be3 Rc8 16. Bb3 Ng3 17. Re1 Nf5 18. Nxf5 Bxf5 19. Bd4 Rxe1+ 20. Qxe1 Bxd4 0-1

[Event "Titled Tuesday intern op 09th Jan Early"]
[Site "Chess.com INT"]
[Date "2024.01.09"]
[Round "4"]
[White "Grutter, Tim"]
[Black "Starozhilov, Leonid"]
[Result "0-1"]
[WhiteElo "2343"]
[BlackElo "2285"]
[PlyCount "232"]
[EventDate "2024.01.09"]
[EventType "swiss (blitz)"]
[EventRounds "11"]
[EventCountry "USA"]
[SourceTitle "CB03_2024"]
[SourceDate "2024.01.17"]
[SourceVersion "1"]
[SourceVersionDate "2024.01.17"]
[SourceQuality "1"]

1. Nf3 Nf6 2. g3 g6 3. Bg2 Bg7 4. 0-0 0-0 5. b3 d6 6. Bb2 e5 7. d3 a5 8. a4 Nc6 9. Nbd2 h6 10. e4 Be6 11. Nc4 Qd7 12. Re1 Nh7 13. d4 Bxc4 14. bxc4 exd4 15. Nxd4 Ng5 16. h4 Ne6 17. Nxe6 Qxe6 18. Bxg7 Kxg7 19. Qd5 Qxd5 20. cxd5 Nb4 21. Rec1 Rfe8 22. Rab1 Rab8 23. f3 Na6 24. Bf1 Nc5 25. Bb5 Re7 26. Re1 Rf8 27. Kf2 h5 28. Bd3 b6 29. Bb5 Re5 30. Bc6 f6 31. Re3 Rf7 32. Rbe1 Rfe7 33. c4 f5 34. R1e2 fxe4 35. f4 Rf5 36. Bb5 Rf8 37. Kg2 Kf6 38. Re1 Rg7 39. Kh3 Ke7 40. R1e2 Kd8 41. Re1 Re7 42. R1e2 Nd3 43. Kg2 Nc5 44. Re1 Rfe8 45. R1e2 Rg8 46. Re1 Kc8 47. R1e2 Kb7 48. Re1 Rge8 49. R1e2 Rf8 50. Re1 Ref7 51. R1e2 Rf6 52. Re1 Rf5 53. R1e2 Kc8 54. Re1 Kd8 55. R1e2 R5f7 56. Kh3 Ke7 57. Re1 Kf6 58. R1e2 Kg7 59. Re1 Re7 60. R1e2 Kf6 61. Re1 Rff7 62. R1e2 Nb7 63. Re1 Rf8 64. R1e2 Rff7 65. Re1 Nd8 66. R1e2 Kf5 67. Re1 Rf8 68. R1e2 Nf7 69. Re1 Nh6 70. Rxe4 Rxe4 71. Bd7+ Kf6 72. Rxe4 Rf7 73. Re6+ Kg7 74. Be8 Rf6 75. Re7+ Kf8 76. Re1 Nf5 77. Bd7 Ne7 78. Bb5 Rf7 79. Re2 Kg7 80. Bd7 Kf6 81. Re6+ Kg7 82. Re2 Kf8 83. Be6 Rf6 84. Bd7 Kf7 85. Re3 Kf8 86. Re2 Ng8 87. Kg2 Nh6 88. Kf3 Rf7 89. Bc6 Re7 90. Rxe7 Kxe7 91. Bb7 Nf5 92. Bc8 Nd4+ 93. Ke4 Nb3 94. f5 Nc5+ 95. Kf4 Kf6 96. fxg6 Kxg6 97. Bf5+ Kf6 98. Bc2 Nd7 99. Bd1 Kg6 100. Bc2+ Kf6 101. Bd1 Kg6 102. Bc2+ Kg7 103. Kf5 Ne5 104. Bb3 Nd3 105. Kg5 Nf2 106. Kxh5 Ne4 107. Kg4 Nd2 108. Ba2 Ne4 109. Kf4 Nc5 110. Bb1 Nxa4 111. Kg5 Nc3 112. h5 Nxb1 113. h6+ Kh7 114. Kh5 Nd2 115. g4 Nf3 116. g5 Ne5 0-1

[Event "Hastings Masters op"]
[Site "Hastings"]
[Date "2023.12.29"]
[Round "2"]
[White "Lishoy Gengis Paratazham, Dildarav"]
[Black "Grutter, Tim"]
[Result "0-1"]
[WhiteElo "1743"]
[BlackElo "2342"]
[PlyCount "34"]
[EventDate "2023.12.28"]
[EventType "swiss"]
[EventRounds "9"]
[EventCountry "ENG"]
[SourceTitle "CB02_2024"]
[SourceDate "2024.01.10"]
[SourceVersion "1"]
[SourceVersionDate "2024.01.10"]
[SourceQuality "1"]

1. e4 c5 2. d3 Nc6 3. g3 Nf6 4. Bg2 d5 5. Nd2 Bg4 6. Ngf3 e6 7. h3 Bh5 8. 0-0 Be7 9. c3 0-0 10. g4 Bg6 11. Nh4 dxe4 12. Nxg6 hxg6 13. Nxe4 Nd5 14. g5 Qd7 15. Qe2 Rad8 16. Rd1 e5 17. Qf3 Qc7 0-1

[Event "Titled Tuesday intern op 12th Dec Early"]
[Site "Chess.com INT"]
[Date "2023.12.12"]
[Round "1"]
[White "Shubin, Kirill"]
[Black "Grutter, Tim"]
[Result "1-0"]
[WhiteElo "2456"]
[BlackElo "2342"]
[PlyCount "111"]
[EventDate "2023.12.12"]
[EventType "swiss (blitz)"]
[EventRounds "11"]
[EventCountry "USA"]
[SourceTitle "CB51_2023"]
[SourceDate "2023.12.20"]
[SourceVersion "1"]
[SourceVersionDate "2023.12.20"]
[SourceQuality "1"]

1. e4 c5 2. Nf3 d6 3. Bb5+ Nd7 4. Ba4 Ngf6 5. 0-0 g6 6. Re1 Bg7 7. c3 0-0 8. d4 e5 9. dxe5 Nxe5 10. Nxe5 dxe5 11. Qe2 Qc7 12. c4 Bg4 13. f3 Be6 14. Nc3 Rfd8 15. Be3 b6 16. Rac1 Nh5 17. Nd5 Bxd5 18. cxd5 Nf4 19. Qd2 Qd6 20. b4 Rac8 21. bxc5 bxc5 22. g3 Nh5 23. Qa5 Bf8 24. Bc6 Qc7 25. Qxc7 Rxc7 26. Bxc5 Bxc5+ 27. Rxc5 Nf6 28. Rb5 g5 29. Reb1 g4 30. Kf2 gxf3 31. Kxf3 Kf8 32. Rb7 Rdc8 33. a4 Ke7 34. a5 Ne8 35. Bxe8 Kxe8 36. Kg4 Ke7 37. Kf5 f6 38. a6 Kd6 39. Rxc7 Rxc7 40. Rb7 Rc2 41. Rxa7 Rxh2 42. Kxf6 Rf2+ 43. Kg5 Re2 44. Ra8 Kc5 45. a7 Kb6 46. Kf5 Rg2 47. Kxe5 Rxg3 48. d6 Rg5+ 49. Kf6 Rg6+ 50. Ke5 Kb7 51. Kd5 Kxa8 52. d7 Rg8 53. e5 Kxa7 54. e6 Rd8 55. Kc6 Kb8 56. e7 1-0

[Event "Titled Tuesday intern op 14th Nov Early"]
[Site "Chess.com INT"]
[Date "2023.11.14"]
[Round "4"]
[White "Grutter, Tim"]
[Black "Degtiarev, Evgeny"]
[Result "1-0"]
[WhiteElo "2329"]
[BlackElo "2381"]
[PlyCount "123"]
[EventDate "2023.11.14"]
[EventType "swiss (blitz)"]
[EventRounds "11"]
[EventCountry "USA"]
[SourceTitle "CB47_2023"]
[SourceDate "2023.11.22"]
[SourceVersion "1"]
[SourceVersionDate "2023.11.22"]
[SourceQuality "1"]

1. e4 e5 2. Nc3 Nc6 3. Bc4 Nf6 4. d3 Bb4 5. a3 Bxc3+ 6. bxc3 h6 7. Nf3 0-0 8. 0-0 d5 9. exd5 Nxd5 10. Bd2 Bg4 11. Qe2 Nb6 12. Bb3 Kh8 13. h3 Bxf3 14. Qxf3 f5 15. Rfe1 Qd6 16. Qg3 Rad8 17. c4 Nd4 18. c5 Qxc5 19. Bb4 Qc6 20. Bxf8 Rxf8 21. Qxe5 Nxb3 22. cxb3 Nd5 23. Rac1 Qd7 24. Qe6 Qxe6 25. Rxe6 c6 26. Rce1 Kh7 27. g3 Rf7 28. b4 Rd7 29. Kg2 Kg8 30. R6e5 g6 31. Re8+ Kg7 32. Kf3 Kf7 33. Rh8 Kg7 34. Ra8 a6 35. d4 Nf6 36. Re5 Kf7 37. Rb8 Nd5 38. Ke2 Nb6 39. Kd3 Nd5 40. Rh8 Kg7 41. Ree8 Nf6 42. Rd8 Re7 43. Rb8 g5 44. Rhd8 h5 45. a4 g4 46. h4 Ne4 47. Rg8+ Kf7 48. Rbf8+ Ke6 49. Rg6+ Kd7 50. Rxf5 Nd6 51. Rxh5 Ne4 52. Rf5 Nd6 53. Re5 Rf7 54. Rxg4 Rxf2 55. Rg7+ Kd8 56. Ree7 Nf5 57. Ref7 Rf3+ 58. Ke4 Nd6+ 59. Kxf3 Nxf7 60. Rxf7 Ke8 61. Rf4 a5 62. bxa5 1-0

[Event "Titled Tuesday intern op 19th Sep Early"]
[Site "Chess.com INT"]
[Date "2023.09.19"]
[Round "2"]
[White "Liu, Zhaoqi"]
[Black "Grutter, Tim"]
[Result "1-0"]
[WhiteElo "2396"]
[BlackElo "2337"]
[PlyCount "89"]
[EventDate "2023.09.19"]
[EventType "swiss (blitz)"]
[EventRounds "11"]
[EventCountry "USA"]
[SourceTitle "EXT 2024"]
[Source "ChessBase"]
[SourceDate "2023.10.10"]
[SourceVersion "1"]
[SourceVersionDate "2023.10.10"]
[SourceQuality "1"]

1. c4 e6 2. Nc3 d5 3. d4 Bb4 4. cxd5 exd5 5. Nf3 c6 6. Bg5 Ne7 7. e3 Bf5 8. Bd3 Bg6 9. 0-0 Nd7 10. Rc1 f6 11. Bf4 0-0 12. a3 Ba5 13. Bd6 Bc7 14. Bxc7 Qxc7 15. Bxg6 hxg6 16. Qb3 Nb6 17. e4 Qd7 18. Rfe1 Kh7 19. h3 dxe4 20. Rxe4 Ned5 21. Rce1 Rae8 22. Qc2 Rxe4 23. Qxe4 Nxc3 24. bxc3 Qd5 25. Qh4+ Kg8 26. Qg3 Qf7 27. Nh4 g5 28. Nf5 Re8 29. Rxe8+ Qxe8 30. Qc7 Qd7 31. Qb8+ Kh7 32. Nd6 a6 33. Qxb7 Qxd6 34. Qxb6 Qxa3 35. Qxc6 Qc1+ 36. Kh2 Qf4+ 37. Kg1 Qc1+ 38. Kh2 Qf4+ 39. Kg1 a5 40. g3 Qc1+ 41. Kg2 Qc2 42. c4 a4 43. c5 a3 44. Qa6 Qe4+ 45. Kh2 1-0

[Event "Titled Tuesday intern op 29th Aug Early"]
[Site "Chess.com INT"]
[Date "2023.08.29"]
[Round "1"]
[White "Grutter, Tim"]
[Black "Musat, Adrian"]
[Result "1-0"]
[WhiteElo "2349"]
[BlackElo "2378"]
[PlyCount "87"]
[EventDate "2023.08.29"]
[EventType "swiss (blitz)"]
[EventRounds "11"]
[EventCountry "USA"]
[SourceTitle "EXT 2024"]
[Source "ChessBase"]
[SourceDate "2023.10.10"]
[SourceVersion "1"]
[SourceVersionDate "2023.10.10"]
[SourceQuality "1"]

1. d4 d5 2. Nc3 Nf6 3. Bf4 g6 4. e3 Bg7 5. h4 h5 6. Nf3 0-0 7. Ne5 c5 8. Qd2 Nc6 9. 0-0-0 cxd4 10. exd4 Bf5 11. f3 Nb4 12. Nd3 a5 13. a3 Nc6 14. Ne5 Rc8 15. Kb1 Nd7 16. g4 Ndxe5 17. gxf5 Nxf3 18. Qg2 Nfxd4 19. fxg6 e5 20. gxf7+ Rxf7 21. Bg5 Qf8 22. Nxd5 Rf2 23. Qg1 Nxc2 24. Bc4 Kh8 25. Nf6 Rxf6 26. Bxf6 Qxf6 27. Rf1 Qh6 28. Be6 Re8 29. Bf7 Rf8 30. Kxc2 Nd4+ 31. Kb1 Qh7+ 32. Qg6 Qxg6+ 33. Bxg6 Rd8 34. Bxh5 Bh6 35. Bf3 Nxf3 36. Rxf3 e4 37. Rf6 Bg7 38. Re6 Rd2 39. Re8+ Kh7 40. Re7 Rxb2+ 41. Kc1 Ra2 42. Re1 Ra1+ 43. Kd2 Rxa3 44. Rg1 1-0

[Event "Titled Tuesday intern op 29th Aug Early"]
[Site "Chess.com INT"]
[Date "2023.08.29"]
[Round "2"]
[White "Kukhmazov, Arsen"]
[Black "Grutter, Tim"]
[Result "1-0"]
[WhiteElo "2504"]
[BlackElo "2349"]
[PlyCount "101"]
[EventDate "2023.08.29"]
[EventType "swiss (blitz)"]
[EventRounds "11"]
[EventCountry "USA"]
[SourceTitle "EXT 2024"]
[Source "ChessBase"]
[SourceDate "2023.10.10"]
[SourceVersion "1"]
[SourceVersionDate "2023.10.10"]
[SourceQuality "1"]

1. d4 g6 2. c4 Bg7 3. Nf3 d6 4. Nc3 Nc6 5. d5 Ne5 6. Nxe5 Bxe5 7. e4 c5 8. Bd3 Nf6 9. 0-0 0-0 10. h3 e6 11. Bg5 exd5 12. exd5 Qb6 13. Qd2 Nd7 14. Rfe1 Bg7 15. Be7 Re8 16. Nb5 a6 17. Bxd6 Rxe1+ 18. Rxe1 axb5 19. Re8+ Nf8 20. Be7 bxc4 21. Bxc4 Ra4 22. b3 Bd7 23. Rd8 Qa5 24. Qxa5 Rxa5 25. Bxf8 Bxf8 26. Rxd7 b5 27. Bf1 b4 28. Bc4 Rxa2 29. d6 Rd2 30. Rxf7 Rd1+ 31. Kh2 Bxd6+ 32. g3 Rd4 33. Rd7+ Kh8 34. Kg2 Be5 35. Re7 Bd6 36. Rf7 Rd2 37. h4 Be5 38. Kh3 Bd4 39. f3 Rc2 40. h5 gxh5 41. Kh4 Rxc4 42. bxc4 b3 43. Rb7 b2 44. Kxh5 Kg8 45. Rb3 Kf8 46. Kg4 Kf7 47. Kf5 Kg7 48. g4 Kh6 49. Rb7 Bc3 50. g5+ Kh5 51. Rxh7# 1-0

[Event "Titled Tuesday intern op 22nd Aug Early"]
[Site "Chess.com INT"]
[Date "2023.08.22"]
[Round "2"]
[White "Durarbayli, Vasif"]
[Black "Grutter, Tim"]
[Result "0-1"]
[WhiteElo "2631"]
[BlackElo "2349"]
[PlyCount "100"]
[EventDate "2023.08.22"]
[EventType "swiss (blitz)"]
[EventRounds "11"]
[EventCountry "USA"]
[SourceTitle "EXT 2024"]
[Source "ChessBase"]
[SourceDate "2023.10.10"]
[SourceVersion "1"]
[SourceVersionDate "2023.10.10"]
[SourceQuality "1"]

1. e4 c6 2. d4 d5 3. exd5 cxd5 4. c4 Nf6 5. Nc3 g6 6. Qb3 Bg7 7. cxd5 0-0 8. Be2 Nbd7 9. Nh3 Nb6 10. Nf4 Bg4 11. f3 Bd7 12. a4 Rb8 13. Be3 Nc8 14. g4 Nd6 15. h4 a6 16. h5 b5 17. a5 b4 18. Na4 Qxa5 19. hxg6 hxg6 20. Kf2 Qd8 21. Nc5 a5 22. g5 Nh7 23. Rxh7 Kxh7 24. Qd1 Rh8 25. Bd3 Bf5 26. Be2 Kg8 27. Kg2 e5 28. Nfd3 exd4 29. Bf4 Nc4 30. Qe1 Ne3+ 31. Bxe3 dxe3 32. Qg3 Rc8 33. d6 Bh3+ 34. Kg1 Bxb2 35. Ra2 Bc3 36. Qf4 b3 37. Nxb3 Be6 38. Ndc5 Rxc5 39. Nxc5 Bxa2 40. d7 Be6 41. Qxe3 Bb4 42. Nxe6 fxe6 43. Qxe6+ Kf8 44. Bc4 Qxg5+ 45. Kf1 Qc1+ 46. Kf2 Qd2+ 47. Kg3 Bd6+ 48. f4 Qxf4+ 49. Kg2 Rh2+ 50. Kg1 Qf2# 0-1

[Event "Titled Tuesday intern op 22nd Aug Early"]
[Site "Chess.com INT"]
[Date "2023.08.22"]
[Round "3"]
[White "Molina, Roberto Junio Brito"]
[Black "Grutter, Tim"]
[Result "0-1"]
[WhiteElo "2376"]
[BlackElo "2349"]
[PlyCount "64"]
[EventDate "2023.08.22"]
[EventType "swiss (blitz)"]
[EventRounds "11"]
[EventCountry "USA"]
[SourceTitle "EXT 2024"]
[Source "ChessBase"]
[SourceDate "2023.10.10"]
[SourceVersion "1"]
[SourceVersionDate "2023.10.10"]
[SourceQuality "1"]

1. d4 Nf6 2. Nf3 e6 3. e3 b6 4. Bd3 Bb7 5. 0-0 Be7 6. Qe2 d6 7. e4 0-0 8. c4 c5 9. d5 e5 10. Nc3 Nbd7 11. Bd2 g6 12. g3 Re8 13. Ne1 Bf8 14. Ng2 Bg7 15. Rae1 Nh5 16. Qd1 Nf8 17. f4 exf4 18. gxf4 Bc8 19. Qf3 Nd7 20. Kh1 Ndf6 21. e5 Bg4 22. Qf2 Nd7 23. exd6 Ndf6 24. Rxe8+ Nxe8 25. f5 Nxd6 26. fxg6 fxg6 27. Nf4 Nxf4 28. Bxf4 Bf5 29. Qe2 Bxd3 30. Qxd3 Qd7 31. b3 Rf8 32. Ne4 Qf5 0-1